[Event "SRB-ch sf"]
[Site "Belgrade"]
[Date "2016.03.21"]
[Round "1"]
[White "Petrovic, Jovan N"]
[Black "Velikic, Adela"]
[Result "0-1"]
[WhiteElo "1809"]
[BlackElo "2270"]
[PlyCount "110"]
[EventDate "2016.03.21"]
[EventType "swiss"]
[EventRounds "9"]
[EventCountry "SRB"]
[SourceTitle "CBM 171 Extra"]
[Source "ChessBase"]
[SourceDate "2016.04.26"]
[SourceVersion "1"]
[SourceVersionDate "2016.04.26"]
[SourceQuality "1"]

1. c4 c6 2. d4 d5 3. e3 Nf6 4. Nf3 e6 5. a3 Nbd7 6. Nc3 a5 7. c5 b6 8. cxb6 Qxb6 9. Be2 Bd6 10. 0-0 0-0 11. Na4 Qb8 12. Qc2 Ba6 13. Bxa6 Rxa6 14. Bd2 Rc8 15. Rfc1 Ra8 16. Qd3 Ne4 17. Rc2 c5 18. b3 Nxd2 19. Rxd2 cxd4 20. exd4 Qb7 21. Rc2 Rxc2 22. Qxc2 Rc8 23. Qb2 Qc6 24. g3 h6 25. Qd2 Qb5 26. Qd1 Nf6 27. Ne1 Rb8 28. Nd3 Qxb3 29. Qxb3 Rxb3 30. Nac5 Rb8 31. f3 Kf8 32. Ne5 Rc8 33. Nb7 Bxe5 34. dxe5 Nd7 35. f4 a4 36. Ra2 Ke7 37. Kf2 Rc3 38. Ke2 Nb6 39. Nd6 f6 40. Rb2 Nd7 41. Nb5 Rc4 42. exf6+ gxf6 43. Kd2 e5 44. Rc2 Re4 45. f5 Rg4 46. Rc6 h5 47. Ra6 h4 48. Nc3 hxg3 49. Nxd5+ Kf7 50. hxg3 Rd4+ 51. Ke2 Rxd5 52. Rxa4 Ke7 53. Ra6 Nc5 54. Ra7+ Rd7 55. Ra5 Nd3 0-1